Statistics for Largest Cities in Georgia in 2030

Click here to take the quiz!

General Stats

  • This quiz has been taken 13 times
  • The average score is 12 of 20

Answer Stats

#Pop.City% Correct
6133,833Athens
100%
1496,163Atlanta
100%
2202,480Augusta
92%
4152,885Macon
92%
5150,252Savannah
92%
3185,088Columbus
83%
1368,906Marietta
83%
8106,163Sandy Springs
75%
1272,495Alpharetta
67%
1659,552Albany
58%
992,994Roswell
58%
7122,918South Fulton
58%
2053,710Valdosta
58%
1088,607Warner Robins
50%
1181,965Johns Creek
42%
1954,549Dunwoody
33%
1856,150Gainesville
25%
1757,332Smyrna
25%
1562,442Brookhaven
17%
1468,375Stonecrest
8%

Score Distribution

Percentile by Number Answered

Percent of People with Each Score

Your Score History

You have not taken this quiz